01302 2200265 4500001002100000005001500021035002000036008004100056020001500097041000800112082001100120084001700131100001600148245005400164250001000218260004000228300002900268504001200297520061100309650001600920990002500936990002500961990002500986990002501011INLIS00000000000573820221027021241 a0010-0520005738221027 | | ind  a9798035453 aind a340.59 a340.59 ABD k0 aAbdurrahman1 aKompilasi Hukum Islam di Indonesia /cAbdurrahman aCet.5 aJakarta :bAkademi pressindo,c2007 aviii,89p.;21 cm ;c21 cm ap.91-95 aDalam buku ini secara singkat dibahas tentang apa dan bagaimana kompilasi hukum islam dan keberadaannya di Indonesia. Kompilasi adalah merupakan sebuah kumpulan dari berbagai pendirian dan pendapat hukum yang berkembang dalam dunia pemikiran yang sudah terseleksi dengan baik. Dengan menetapkan materinya dalam kompilasi, kita sudah menetapkan pilihan bahwa materi hukum tersebut itulah yang sudah dianggap terbaik. Pendapat tersebut telah kita kukuhkan sebagai pendapat resmi. Penetapannya dilakukan melalui suatu kesepakatan, karenanya bagaimanapun harus kita terima sebagai hasil karya bangsa Indonesia. 4aHukum Islam a08180/MKRI-P/XI-2008 a08181/MKRI-P/XI-2008 a08180/MKRI-P/XI-2008 a08181/MKRI-P/XI-2008